Математическая логика и теория алгоритмов для программистов: учебное пособие

Dades bibliogràfiques
Autor principal: Гринченков Д. В. Дмитрий Валерьевич
Altres autors: Потоцкий С. И. Сергей Иванович
Sumari:Пособие позволяет освоить основные положения и математические методы решения задач, представления знаний и построения доказательств в формальх моделей, а также получить практические навыки по использованию методов математической логики и теории алгоритмов для решения практических задач и их программной реализации.
Idioma:rus
Publicat: Москва, КноРус, 2013
Matèries:
Format: MixedMaterials Llibre
KOHA link:https://koha.lib.tpu.ru/cgi-bin/koha/opac-detail.pl?biblionumber=270065

MARC

LEADER 00000nam0a2200000 4500
001 270065
005 20231101234320.0
010 |a 9785406024348 
035 |a (RuTPU)RU\TPU\book\293245 
035 |a RU\TPU\book\194491 
090 |a 270065 
100 |a 20140924d2013 m y0rusy50 ca 
101 0 |a rus 
102 |a RU 
105 |a y j 001zy 
200 1 |a Математическая логика и теория алгоритмов для программистов  |e учебное пособие  |f Д. В. Гринченков, С. И. Потоцкий 
210 |a Москва  |c КноРус  |d 2013 
215 |a 206 с. 
320 |a Библиогр.: с. 205-206. 
330 |a Пособие позволяет освоить основные положения и математические методы решения задач, представления знаний и построения доказательств в формальх моделей, а также получить практические навыки по использованию методов математической логики и теории алгоритмов для решения практических задач и их программной реализации. 
606 1 |a Математическая логика  |2 stltpush  |3 (RuTPU)RU\TPU\subj\41205  |9 61013 
606 1 |a Алгоритмы, теория  |2 stltpush  |3 (RuTPU)RU\TPU\subj\58912  |9 76596 
610 1 |a теория множеств 
610 1 |a булевы алгебры 
610 1 |a алгебра логики 
610 1 |a логические функции 
610 1 |a математическая логика 
610 1 |a предикаты 
610 1 |a нечеткие множества 
610 1 |a логическое программирование 
610 1 |a задачи 
610 1 |a решение 
610 1 |a учебные пособия 
675 |a 510.5(075.8)  |v 3 
675 |a 510.6(075.8)  |v 3 
700 1 |a Гринченков  |b Д. В.  |g Дмитрий Валерьевич 
701 1 |a Потоцкий  |b С. И.  |g Сергей Иванович 
801 1 |a RU  |b 63413507  |c 20100421 
801 2 |a RU  |b 63413507  |c 20150430  |g RCR 
900 |a Математическая логика и теория алгоритмов 
942 |c BK 
952 |b 010500  |b 230100  |b 230105  |l 8